000 00876nam a2200241Ia 4500
003 OSt
005 20220923225238.0
006 a|||||r|||| 00| 0
007 ta
008 220922b |||||||| |||| 00| 0 hin d
024 _a261,239
037 _cTextual
040 _aARTS
_cARTS
_bhin
041 _2hin
_ahin
082 _aO152,6M83:g, L3
100 _aसक्सेना, लालताप्रसाद
245 0 _aनिबन्धकार आचार्य रामचन्द्र शुक्ल
246 _aNibandhakār āchārya rāmachandra shukla
260 _aजयपुर
_b निर्मल प्रकाशन
_c1973
650 _aहिन्दी साहित्य
_9156264
942 _hO152,6M83:g, L3
_cTEXL
_2CC
999 _c376994
_d376994